00610nam a2200181 i 450000100060000000300090000600500170001500700030003200800410003510000320007624500690010826000860017730000220026349000480028565000170033383000480035085200300039895636ES-MaACL20230906181738.0t|050601s1924 sp ||||1| spa d1 aLlopis, Rodolfo,d1895-198313aLa escuela del porvenir según Angelo Patri / cRodolfo Llopis. aMadrid : bEdiciones de La Lectura, c1924 (eCuenca : fTip. El Día de Cuenca) a171 p. ; c19 cm.1 aCiencia y educación contemporánea ; v804aEnseñanza.0 aCiencia y educación contemporánea ; v8 aES-MaACLjF-4742 bR.4555